000 00655nam a2200217Ia 4500
008 160517s9999 xx 000 0 und d
050 _aQA 76.9.S88
050 _b.Al445 2016
100 _aAlmanzor, Arjay M.
245 _aOnline student evaluation system for college instructors of southville international school and colleges /
245 _cArjay M. Magallon.
260 _aLas PiƱas, Philippines :
260 _bSISC,
260 _c2016.
300 _a135 pages :
300 _billustrations ;
300 _c28 cm.
500 _aIncludes bibliographical references and appendices.
521 _aInformation Technology
942 _cTH
999 _c293920
_d293920